Metodologické aspekty štruktúrnych modelov a ich aplikácie v plánovaní poľnohospodárskej výroby kandidátska dizertačná práca

Saved in:
Bibliographic Details
Main Author: Oravcová, Mária
Corporate Author: Vysoká škola ekonomická v Bratislave
Other Authors: Pitel, Jozef
Format: Book
Language:Slovak
Published: Bratislava 1989
Tags: Add Tag
No Tags, Be the first to tag this record!

MARC

LEADER 00000nam a2200000 4500
001 c034288
005 20221215070846.8
041 0 |a slo 
044 |a SK 
245 1 0 |a Metodologické aspekty štruktúrnych modelov a ich aplikácie v plánovaní poľnohospodárskej výroby  |b kandidátska dizertačná práca  |c Mária Oravcová ; ved. práce Jozef Pitel 
264 1 |a Bratislava  |c 1989 
300 |a 168 s. 
100 1 |a Oravcová, Mária 
700 1 |a Pitel, Jozef 
710 2 |a Vysoká škola ekonomická v Bratislave